000 00573nam a2200169 a 4500
001 000028742
005 20200930055118.0
008 110412s1966 dr 000 0 spa d
040 _aDO-SdBNP
_bspa
_cBNPHU
082 _axxx
_bO12e
100 1 _aObiols, Alfredo
_955742
245 1 3 _aUn enfoque para la planificación del desarrollo integral de la República Dominicana /
_cAlfredo Obiols, Rodolfo Perdomo.
260 _aGuatemala :
_bInstituto Geográfico Nacional de Guatemala,
_c1966.
300 _a70 p. ;
_c28 cm.
700 1 _aPerdomo, Rodolfo
_955743
049 _aBNPD
999 _c28234
_d28234